KPOP Groups Sudden Death - Statistics

General Stats
  • This quiz has been taken 1,129 times
  • The average score is 8 of 18
Answers on the Grid
Answers color-coded by a green-red scale on the quiz's grid according to % correct below.
AOA
Brave
Fly to the sky
AB21
Ikon
Lover Girls
Blackpink
Astro
Cravity
Miss A
Nature
Pink Punk
NCT 271
BTS
Got7
TVQX
CARD
Nwjs
Winner
Super Sonic
Paradise
Kinder Girls
Oneus
Xtrodinary
PIXI
Queendom
Purple Kiss
Twice
Pentagon
Wonder girls
 
Answer Stats
Answer % Correct
Blackpink
78%
AOA
75%
BTS
65%
Ikon
60%
Astro
58%
Got7
55%
Miss A
54%
Cravity
51%
Twice
49%
Pentagon
37%
Wonder girls
37%
Purple Kiss
34%
Oneus
33%
Winner
33%
Nature
25%
Nwjs
13%
PIXI
10%
Fly to the sky
8%
No matching quizzes found
Score Distribution
Percent of People with Each Score
Percentile by Number Answered
Your Score History
You have not taken this quiz